| 000 | 00477nam a2200193Ia 4500 | ||
|---|---|---|---|
| 005 | 20140403140816.0 | ||
| 008 | 140130s9999 xx 000 0 und d | ||
| 020 | _a0439419018 | ||
| 050 |
_aPZ 7 _b.J6478An 2001 |
||
| 100 |
_aJohnston, Tony _931040 |
||
| 245 |
_cTony Johnston. _aAny small goodness / |
||
| 260 |
_bScholastic, _c2001. _aUSA : |
||
| 300 |
_a128 p. : _c22 cm. |
||
| 440 |
_v1 _931041 |
||
| 521 | _aG4 | ||
| 526 | _c600 | ||
| 942 |
_cBK _2lcc |
||
| 999 |
_c40740 _d40740 |
||